|
|
|
|
| LEADER |
01205nam a2200361 a 4500 |
| 001 |
000647729 |
| 003 |
CZ BrMZK |
| 005 |
20190725160904.0 |
| 007 |
ta |
| 008 |
030122s2002 xr f cze d |
| 015 |
|
|
|a cnb001201628
|
| 020 |
|
|
|a 80-85900-45-9
|
| 035 |
|
|
|a (OCoLC)53262216
|
| 040 |
|
|
|a BOA001
|b cze
|
| 072 |
|
7 |
|a 543
|x Analytická chemie
|2 Konspekt
|9 10
|
| 080 |
|
|
|a 543.545.2
|2 MRF
|
| 080 |
|
|
|a 543.3
|2 MRF
|
| 080 |
|
|
|a (048.8)
|2 MRF
|
| 100 |
1 |
|
|a Pavonič, Michal
|7 xx0006136
|4 aut
|
| 245 |
1 |
0 |
|a Možnosti využití metod kapilární elektroforézy pro analýzu malých iontů ve vodách /
|c Michal Pavonič
|
| 250 |
|
|
|a Vyd. 1.
|
| 260 |
|
|
|a Praha :
|b Výzkumný ústav vodohospodářský T.G. Masaryka,
|c 2002
|
| 300 |
|
|
|a 80 s. :
|b il. ;
|c 21 cm
|
| 490 |
1 |
|
|a Výzkum pro praxi ;
|v seš. 47
|
| 500 |
|
|
|a Anglické resumé
|
| 504 |
|
|
|a Obsahuje bibliografii
|
| 650 |
0 |
7 |
|a elektroforéza
|7 ph119874
|2 czenas
|
| 650 |
0 |
7 |
|a analýza vody
|7 ph134708
|2 czenas
|
| 655 |
|
7 |
|a studie
|7 fd133597
|2 czenas
|
| 830 |
|
0 |
|a Výzkum pro praxi
|
| 910 |
|
|
|a BOA001
|b 2-1111.728
|
| 990 |
|
|
|a BK
|
| 996 |
6 |
|
|b 2610179702
|c 2-1111.728
|l MZK
|r Sklad / do 1 hodiny
|n 7
|p p.v.
|w 000647729
|u 000010
|a 1
|e BOA001
|j MZK50
|s P
|